| 000 | 00781nam a2200241Ia 4500 | ||
|---|---|---|---|
| 003 | OSt | ||
| 005 | 20220923220612.0 | ||
| 006 | a|||||r|||| 00| 0 | ||
| 007 | ta | ||
| 008 | 220922b |||||||| |||| 00| 0 hin d | ||
| 024 | _a187,882 | ||
| 037 | _cTextual | ||
| 040 |
_aARTS _cARTS _bhin |
||
| 041 |
_2hin _ahin |
||
| 082 | _aw2,N1, 152N1 | ||
| 100 |
_aशुक्ल, भानु प्रताप, संपा. _9160723 |
||
| 245 | 0 | _aप्रज्ञा प्रवाह | |
| 246 | _aPrajnyā pravāha | ||
| 260 |
_aदिल्ली _b पराग प्रकाशन _c1991 |
||
| 300 |
_a109 पृ. _ccm. |
||
| 942 |
_hw2,N1, 152N1 _cTEXL _2CC |
||
| 999 |
_c340958 _d340958 |
||